Research & politics

Bibliographic Details
Format: Electronic Journal
Language:English
Published: [London] : SAGE Publications, 2014-
Subjects:
Online Access:Full text available from Research Library: 01/01/2014 to present

MARC

LEADER 00000nas a2200000 i 4500
001 ssj0001485372
003 WaSeSS
005 20200512172242.0
006 m d
007 cr n
008 140508c20149999enkqr pss c0 a0eng
010 |a  2015252273 
015 |a GBB452564  |2 bnb 
016 7 |a 016455918  |2 Uk 
022 |a 2053-1680  |l 2053-1680 
035 |a (WaSeSS)ssj0001485372 
040 |a Nz  |b eng  |c Z5A  |d OHS  |d CUS  |d WAU  |d OCLCO  |d COO  |d OCLCO  |d OCLCF  |d OCLCO  |d OCLCA  |d OCLCQ  |d OCLCO  |d OCLCQ  |d KSU  |d AU@  |d UKMGB  |d UAB  |d OCLCO  |d U3W  |d VT2  |d NJT  |d DLC  |d WaSeSS 
042 |a pcc 
050 0 0 |a JA8 
222 0 |a Research & politics 
245 0 0 |a Research & politics  |h [electronic resource]. 
246 3 |a Research and politics 
246 1 3 |a R & P 
260 |a [London] :  |b SAGE Publications,  |c 2014- 
310 |a Quarterly 
506 |a License restrictions may limit access. 
588 |a Description based on: 1, 1 (April/June 2014); title from HTML contents (publisher's Web site, viewed June 1, 2015). 
588 |a Latest issue consulted: Vol. 6 Issue 3 (July-Sept. 2019) (SAGE journals, viewed Aug. 05, 2019). 
650 0 |a Political science  |v Periodicals. 
650 7 |a Political science.  |2 fast  |0 (OCoLC)fst01069781 
655 0 |a Electronic journals. 
850 |a DLC 
856 4 0 |z Full text available from Research Library: 01/01/2014 to present  |u https://search.proquest.com/publication/2041999